000 00453nam a2200181Ia 4500
001 25072
005 20260414151125.0
008 260414t2018||||xx |||||||||||||| ||spa||
041 _aESP
082 _a346.2
_bA32
100 _aAguilar Llanos, Benjamín
_eAUT
245 0 _aLos procesos judiciales en el derecho de familia
_b
260 _c2018
300 _a508 páginas :
_c25 cm.
650 _aDER
654 _aCDE
942 _cLIB
_dJUS
_fJUS
_2ddc
_n
999 _c25072
_d25072